| 000 | 00865nam0a22002411 4500 | ||
|---|---|---|---|
| 001 | rc\2841432 | ||
| 005 | 20110629174727.7 | ||
| 035 | _a(NLR Aleph) 006998983 | ||
| 090 |
_a5701590 _c5701590 |
||
| 100 | _a20110629d1932 |||y0rusy50 ca | ||
| 101 | 0 | _arus | |
| 102 | _aRU | ||
| 105 | _aae z ||||| | ||
| 200 | 1 |
_aФизические основы электротехники _fакад. В.Ф. Миткевич |
|
| 205 | _a2-е изд., пересм. и доп. | ||
| 210 |
_aЛенинград _cизд-во Кубуч _d1932 _gтип. "Профинтерн" |
||
| 215 |
_aПер., XII, 495 с., с черт., включ. тит. л. _cчерт. _d22×15 см |
||
| 700 | 1 |
_aМиткевич _bВ. Ф. _f1872-1951 _gВладимир Федорович |
|
| 801 | 0 |
_aRU _bNLR _gpsbo |
|
| 801 | 1 |
_aRU _bELAR _2rusmarc |
|
| 852 |
_aNLR _j32-4/908 |
||
| 942 | _cBOOK | ||
| 980 | _aNB | ||